| 000 | 00884nam a22001815i 4500 | ||
|---|---|---|---|
| 001 | 156027 | ||
| 003 | ES-MaACL | ||
| 005 | 20230906210309.0 | ||
| 008 | 050803s1886 sp | |||||||| ||spa d | ||
| 040 |
_aCAM _bspa _cCAM |
||
| 110 | 2 |
_aInstituto Provincial de Segunda Enseñanza de Navarra. _95223 |
|
| 245 | 1 | 0 |
_aMemoria sobre el estado del Instituto Provincial de Segunda Enseñanza de Navarra _b: leída el día 1º de noviembre en la ... apertura del curso académico de 1885 á 1886 / _cpor Victor Sainz de Robles. |
| 260 |
_aPamplona : _b[s.n.], _c1886 ( _fImprenta Provincial, á cargo de V. Cantera) |
||
| 300 |
_a79 p. ; _c24 cm. |
||
| 610 | 2 | 4 |
_aInstituto Provincial de Segunda Enseñanza de Navarra- _vMemorias. _9134531 |
| 700 | 1 |
_aSáinz de Robles, Víctor. _9132999 |
|
| 852 |
_aES-MaACL _jT-453-F-7 _z-- Enc. hol., falto de la cub. original _z-- Enc. en un vol. facticio |
||
| 999 |
_c156027 _d156027 |
||